Design liability in the construction industry

Bibliographic Details
Main Author: Cornes, David L
Format: Book
Published: London, Toronto : Granada , 1983
Subjects:

MARC

LEADER 00000cam a2200000 7i4500
001 0000002345
005 20050627.0
020 |a 0246118652 
040 |a INS 
090 0 0 |a KD2978.   |b C67 1983 
100 1 |a Cornes, David L 
245 1 0 |a Design liability in the construction industry   |c David L. Cornes 
260 |a London, Toronto :   |b Granada ,   |c 1983 
300 |a 196p ;   |c 24cm. 
650 0 0 |a Construction industry   |x law and legislation   |z Great Britain 
650 0 0 |a Negligence   |x law and legislation   |z Great Britain 
999 |a 0000000685   |b BOOK   |c Open Shelf   |e Default branch